Fr. Conceicao Rodrigues College of Engineering

Principles of information security (Record no. 21977)

MARC details
000 -LEADER
fixed length control field 00342nam a2200145Ia 4500
082 ## - DEWEY DECIMAL CLASSIFICATION NUMBER
Classification number 5.8
Item number WHI
100 ## - MAIN ENTRY--PERSONAL NAME
Personal name Whitman/Michael E/ Mattord/Herbert J
245 ## - TITLE STATEMENT
Title Principles of information security
260 ## - PUBLICATION, DISTRIBUTION, ETC.
Name of publisher, distributor, etc. Thomsan Learning
Date of publication, distribution, etc. 2003
300 ## - PHYSICAL DESCRIPTION
Extent 532
546 ## - LANGUAGE NOTE
Language note ENGLISH
654 ## - SUBJECT ADDED ENTRY--FACETED TOPICAL TERMS
Focus term information security
942 ## - ADDED ENTRY ELEMENTS (KOHA)
Koha item type BOOK
Holdings
Withdrawn status Lost status Damaged status Not for loan Collection Home library Current library Date acquired Total Checkouts Full call number Barcode Date last seen Price effective from Koha item type
        CRC Fr. Agnel's C.Rodrigues College of Engineering Fr. Agnel's C.Rodrigues College of Engineering 17/03/2023   5.8 WHI 14994 17/03/2023 17/03/2023 BOOK
        CRC Fr. Agnel's C.Rodrigues College of Engineering Fr. Agnel's C.Rodrigues College of Engineering 17/03/2023   5.8 WHI 14995 17/03/2023 17/03/2023 BOOK